[Event "32. Open Andorra Hotel St.Gothard "]
[Site "Erts-La Massana AND"]
[Date "2014.07.21"]
[Round "3.11"]
[White "Salles, Louis"]
[Black "Kantsler, Boris"]
[Result "0-1"]
[WhiteElo "2224"]
[BlackElo "2429"]
[PlyCount "100"]
[EventDate "2014.07.19"]
[EventType "swiss"]
[EventRounds "9"]
[EventCountry "AND"]
[Source "lmi"]
[SourceDate "2014.07.19"]

1. d4 d6 2. Nf3 g6 3. c4 Bg7 4. Nc3 Nf6 5. e4 O-O 6. Be2 Nbd7 7. O-O e5 8. Re1
c6 9. Bf1 a5 10. Rb1 exd4 11. Nxd4 Re8 12. f3 Ne5 13. Bg5 h6 14. Bh4 Qb6 15.
Kh1 Nh5 16. Bf2 Qd8 17. Qd2 a4 18. Rbd1 Qa5 19. Nc2 Be6 20. Bd4 c5 21. Be3 Nxc4
22. Bxc4 Bxc4 23. Bxh6 Bxc3 24. bxc3 Bxa2 25. g4 Nf6 26. Ne3 Bb3 27. Rc1 Nh7
28. Qxd6 Re6 29. Qf4 a3 30. h4 Qd8 31. Qh2 a2 32. Bf4 Rea6 33. Ra1 Be6 34. Red1
Qf6 35. e5 Qe7 36. c4 Qe8 37. Qd2 b5 38. cxb5 Qxb5 39. h5 Qb4 40. hxg6 Qxf4 41.
gxh7+ Kh8 42. Kg2 Ra3 43. Re1 Qd4 44. Qf2 Rd3 45. Qh4 Qxe5 46. Nc4 Qf4 47. Ne5
Bd5 48. Kg1 Re3 49. Qe7 Qg3+ 50. Kh1 Bxf3+ 0-1

[Event "32. Open Andorra Hotel St.Gothard "]
[Site "Erts-La Massana AND"]
[Date "2014.07.21"]
[Round "3.12"]
[White "Sjodahl, Pontus"]
[Black "Llaneza Vega, Patricia"]
[Result "1-0"]
[WhiteElo "2423"]
[BlackElo "2217"]
[PlyCount "87"]
[EventDate "2014.07.19"]
[EventType "swiss"]
[EventRounds "9"]
[EventCountry "AND"]
[Source "lmi"]
[SourceDate "2014.07.19"]

1. d4 Nf6 2. c4 g6 3. Nc3 Bg7 4. e4 d6 5. f3 O-O 6. Be3 c5 7. dxc5 dxc5 8. Qxd8
Rxd8 9. Bxc5 Nc6 10. Nge2 b6 11. Ba3 Ba6 12. Nb5 Rd7 13. Nec3 Bb7 14. Nd5 e6
15. Nb4 Nh5 16. Nxc6 Bxc6 17. Rd1 Rxd1+ 18. Kxd1 a6 19. Nd6 Rd8 20. Kc2 Be5 21.
c5 bxc5 22. Nc4 Bd4 23. b3 Bb5 24. Bc1 e5 25. a4 Bxc4 26. Bxc4 a5 27. g3 Ng7
28. Bd2 Ra8 29. f4 Ne8 30. Rf1 Nd6 31. Bd5 Ra7 32. Kd3 Kg7 33. fxe5 Bxe5 34.
Be3 Rc7 35. Rc1 Nb7 36. Rc4 f6 37. Kc2 Nd6 38. Rxc5 Rxc5+ 39. Bxc5 f5 40. Bb6
f4 41. gxf4 Bxf4 42. h3 g5 43. Bxa5 Be3 44. Kd3 1-0

[Event "32. Open Andorra Hotel St.Gothard "]
[Site "Erts-La Massana AND"]
[Date "2014.07.21"]
[Round "3.13"]
[White "Simon Padros, Emili"]
[Black "Rios, Cristhian Camilo"]
[Result "0-1"]
[WhiteElo "2208"]
[BlackElo "2421"]
[PlyCount "78"]
[EventDate "2014.07.19"]
[EventType "swiss"]
[EventRounds "9"]
[EventCountry "AND"]
[Source "lmi"]
[SourceDate "2014.07.19"]

1. e4 c5 2. Nc3 a6 3. g3 b5 4. Bg2 Bb7 5. d3 e6 6. f4 d5 7. Qe2 b4 8. Nd1 Nc6
9. Nf3 Nf6 10. e5 Nd7 11. O-O Be7 12. Bd2 a5 13. Re1 a4 14. c4 Nb6 15. Ne3 dxc4
16. dxc4 Qc7 17. Nc2 Na5 18. Ne3 O-O-O 19. Red1 Rd7 20. Be1 Rhd8 21. Rxd7 Rxd7
22. Nd2 Bxg2 23. Qxg2 f6 24. Ng4 h5 25. exf6 gxf6 26. Ne3 f5 27. Rc1 Bf6 28.
Nf3 Qb7 29. Qe2 Qe4 30. Ng5 Bxg5 31. fxg5 Naxc4 32. Kf2 f4 33. gxf4 Qxf4+ 34.
Qf3 Qxh2+ 35. Ng2 Rd5 36. Qf8+ Kb7 37. Qf7+ Ka6 38. Qxe6 Rxg5 39. Qe4 Rxg2+ 0-1

[Event "32. Open Andorra Hotel St.Gothard "]
[Site "Erts-La Massana AND"]
[Date "2014.07.21"]
[Round "3.14"]
[White "Hornell, Colin"]
[Black "Barbot, Pierre"]
[Result "0-1"]
[WhiteElo "2099"]
[BlackElo "2411"]
[PlyCount "89"]
[EventDate "2014.07.19"]
[EventType "swiss"]
[EventRounds "9"]
[EventCountry "AND"]
[Source "lmi"]
[SourceDate "2014.07.19"]

1. d4 Nf6 2. Nf3 g6 3. Nc3 d5 4. Bf4 Bg7 5. e3 O-O 6. Be2 c5 7. O-O b6 8. Ne5
Bb7 9. Bf3 e6 10. Qd2 Nbd7 11. Rfe1 a6 12. a4 Rc8 13. h3 Qe7 14. Ne2 Rfd8 15.
c3 Nxe5 16. Bxe5 Ne4 17. Bxe4 dxe4 18. Bxg7 Kxg7 19. b4 cxb4 20. cxb4 Rc4 21.
Rab1 Rdc8 22. Rec1 Bd5 23. Qb2 h5 24. Rxc4 Rxc4 25. Nf4 Qc7 26. Nxd5 exd5 27.
Qb3 Kf6 28. b5 a5 29. f3 Rb4 30. Qd1 Rxb1 31. Qxb1 Qc3 32. fxe4 Qxe3+ 33. Kh1
Qxe4 34. Qf1+ Kg7 35. Qf2 f5 36. h4 f4 37. Kh2 Kf6 38. Kh1 Qe3 39. Qc2 Qe1+ 40.
Kh2 Qxh4+ 41. Kg1 Qe1+ 42. Kh2 Qg3+ 43. Kh1 f3 44. Qc6+ Kg7 45. gxf3 0-1

[Event "32. Open Andorra Hotel St.Gothard "]
[Site "Erts-La Massana AND"]
[Date "2014.07.21"]
[Round "3.15"]
[White "Gandrud, Vegar Koi"]
[Black "Tkachiev, Vladislav"]
[Result "0-1"]
[WhiteElo "2210"]
[BlackElo "2625"]
[PlyCount "56"]
[EventDate "2014.07.19"]
[EventType "swiss"]
[EventRounds "9"]
[EventCountry "AND"]
[Source "lmi"]
[SourceDate "2014.07.19"]

1. d4 e6 2. c4 Nf6 3. Nf3 d5 4. g3 Bb4+ 5. Nbd2 O-O 6. Bg2 dxc4 7. O-O b5 8.
Ne5 c6 9. Nxc6 Nxc6 10. Bxc6 Rb8 11. Ne4 Nd5 12. a3 Be7 13. a4 b4 14. Qc2 Ba6
15. Nc5 b3 16. Qe4 Bxc5 17. dxc5 c3 18. Bb5 Bxb5 19. axb5 Rxb5 20. Rxa7 Qc8 21.
Qd3 Qxc5 22. e4 Nb4 23. Qe2 c2 24. Be3 Qc6 25. Rc7 Qxc7 26. Qxb5 Rb8 27. Qg5
Nd3 28. Bd4 f6 0-1

[Event "32. Open Andorra Hotel St.Gothard "]
[Site "Erts-La Massana AND"]
[Date "2014.07.21"]
[Round "3.16"]
[White "Navrotescu, Andreea-Cristiana"]
[Black "Glud, Jakob Vang"]
[Result "0-1"]
[WhiteElo "2181"]
[BlackElo "2538"]
[PlyCount "76"]
[EventDate "2014.07.19"]
[EventType "swiss"]
[EventRounds "9"]
[EventCountry "AND"]
[Source "lmi"]
[SourceDate "2014.07.19"]

1. d4 d5 2. c4 e6 3. Nc3 Be7 4. Nf3 Nf6 5. Bf4 O-O 6. e3 Nbd7 7. c5 Nh5 8. Bd3
c6 9. O-O Nxf4 10. exf4 Qc7 11. Ne5 Nxe5 12. fxe5 Bd7 13. f4 f5 14. b4 b6 15.
a3 Kh8 16. Kh1 bxc5 17. dxc5 g5 18. g3 a5 19. Ne2 Rg8 20. Rg1 Qb8 21. Qd2 Qf8
22. Nd4 Qh6 23. Rac1 gxf4 24. gxf4 Qh3 25. Rxg8+ Rxg8 26. bxa5 Be8 27. Bf1 Qxa3
28. Qc3 Qa2 29. Nxe6 Qf2 30. Bh3 Bh5 31. Rf1 Bf3+ 32. Qxf3 Rg1+ 33. Rxg1 Qxf3+
34. Bg2 Qa3 35. Rb1 Kg8 36. Nd4 Qd3 37. Rb8+ Kf7 38. e6+ Kf6 0-1

[Event "32. Open Andorra Hotel St.Gothard "]
[Site "Erts-La Massana AND"]
[Date "2014.07.21"]
[Round "3.17"]
[White "Narciso Dublan, Marc"]
[Black "Franco Valencia, Beatriz Irene"]
[Result "1/2-1/2"]
[WhiteElo "2523"]
[BlackElo "2175"]
[PlyCount "91"]
[EventDate "2014.07.19"]
[EventType "swiss"]
[EventRounds "9"]
[EventCountry "AND"]
[Source "lmi"]
[SourceDate "2014.07.19"]

1. d4 d6 2. e4 Nf6 3. Nc3 g6 4. g3 Bg7 5. Bg2 c6 6. Nge2 Nbd7 7. a4 a5 8. h3
O-O 9. Be3 e5 10. O-O Re8 11. g4 h5 12. g5 Nh7 13. h4 Ndf8 14. dxe5 dxe5 15.
Qxd8 Rxd8 16. Rad1 Be6 17. Kh2 f6 18. gxf6 Bxf6 19. Kg3 Be7 20. Ng1 Nf6 21. Nf3
Ng4 22. Bg5 Rxd1 23. Nxd1 Bd6 24. Bh3 Kg7 25. Ne3 Nf6 26. Bxf6+ Kxf6 27. Rd1
Bc7 28. Bxe6 Kxe6 29. Ne1 Nd7 30. Nd3 Rf8 31. Rg1 Rf6 32. Nc4 Bd8 33. Ra1 Rf8
34. Ra3 Bc7 35. Rb3 Rb8 36. Ne3 Bd6 37. Nc4 Bc7 38. Nd2 Bd6 39. Nf3 b5 40. Rc3
Rb6 41. axb5 cxb5 42. Rc8 Rb8 43. Rc6 Rb6 44. Rc8 Rb8 45. Rc6 Rb6 46. Rc8
1/2-1/2

[Event "32. Open Andorra Hotel St.Gothard "]
[Site "Erts-La Massana AND"]
[Date "2014.07.21"]
[Round "3.18"]
[White "Rivera, Ingris"]
[Black "Comas Fabrego, Lluis"]
[Result "1/2-1/2"]
[WhiteElo "2190"]
[BlackElo "2512"]
[PlyCount "75"]
[EventDate "2014.07.19"]
[EventType "swiss"]
[EventRounds "9"]
[EventCountry "AND"]
[Source "lmi"]
[SourceDate "2014.07.19"]

1. d4 Nf6 2. c4 d6 3. Nc3 Nbd7 4. Nf3 g6 5. g3 Bg7 6. Bg2 O-O 7. O-O e5 8. e4
exd4 9. Nxd4 Re8 10. Re1 Nc5 11. h3 Bd7 12. Bg5 h6 13. Bf4 a6 14. b4 Ne6 15.
Be3 Ng5 16. f3 Nxh3+ 17. Kh2 Ng5 18. Rc1 Ne6 19. Nb3 h5 20. Qd2 Nh7 21. Rh1 h4
22. gxh4 Qxh4+ 23. Kg1 Qd8 24. Nd5 Bc6 25. Kf2 Nef8 26. Bd4 Bxd4+ 27. Nxd4 Bxd5
28. cxd5 Qe7 29. Qh6 Qf6 30. Ke3 Re7 31. Kd3 Rd8 32. f4 Rde8 33. Bf3 Rc8 34.
Bg4 Rce8 35. Bf3 Rc8 36. Bg4 Rce8 37. Bf3 Rc8 38. Bg4 1/2-1/2

[Event "32. Open Andorra Hotel St.Gothard "]
[Site "Erts-La Massana AND"]
[Date "2014.07.21"]
[Round "3.19"]
[White "Almeida Quintana, Omar"]
[Black "Schroer, Marcel"]
[Result "0-1"]
[WhiteElo "2492"]
[BlackElo "2139"]
[PlyCount "82"]
[EventDate "2014.07.19"]
[EventType "swiss"]
[EventRounds "9"]
[EventCountry "AND"]
[Source "lmi"]
[SourceDate "2014.07.19"]

1. d4 Nf6 2. c4 g6 3. Nc3 Bg7 4. e4 d6 5. f3 O-O 6. Bg5 a6 7. Qd2 Nbd7 8. h4 c5
9. dxc5 Nxc5 10. O-O-O b5 11. h5 b4 12. Bxf6 Bxf6 13. Nd5 Bg7 14. Ne2 e6 15.
Ne3 Bb7 16. Kb1 Bxe4+ 17. fxe4 Nxe4 18. Qe1 Qf6 19. Rd4 Nf2 20. Rg1 d5 21. g4
dxc4 22. g5 Qf3 23. Rg3 Nd3 24. Rxd3 Qe4 25. Nxc4 Qxc4 26. hxg6 hxg6 27. Nc1
Rac8 28. Rd2 Qc6 29. Bg2 Qb6 30. Qd1 a5 31. Be4 a4 32. Rh3 a3 33. Qh1 axb2 34.
Nb3 Qc7 35. Rdh2 Qe5 36. Bc2 Rfd8 37. Rh4 Rc3 38. Rg2 Rdc8 39. Rhh2 Rxb3 40.
Re2 Re3 41. Qb7 Rb8 0-1

[Event "32. Open Andorra Hotel St.Gothard "]
[Site "Erts-La Massana AND"]
[Date "2014.07.22"]
[Round "4.1"]
[White "Kantsler, Boris"]
[Black "Granda Zuniga, Julio E"]
[Result "1/2-1/2"]
[WhiteElo "2429"]
[BlackElo "2674"]
[PlyCount "21"]
[EventDate "2014.07.19"]
[EventType "swiss"]
[EventRounds "9"]
[EventCountry "AND"]
[Source "lmi"]
[SourceDate "2014.07.19"]

1. d4 d5 2. c4 dxc4 3. Nf3 a6 4. e3 Bg4 5. Bxc4 e6 6. h3 Bh5 7. O-O Nf6 8. Nc3
Nc6 9. b3 Bd6 10. Bb2 O-O 11. Be2 1/2-1/2

[Event "32. Open Andorra Hotel St.Gothard "]
[Site "Erts-La Massana AND"]
[Date "2014.07.22"]
[Round "4.2"]
[White "Rios, Cristhian Camilo"]
[Black "Vovk, Andrey"]
[Result "1/2-1/2"]
[WhiteElo "2421"]
[BlackElo "2616"]
[PlyCount "97"]
[EventDate "2014.07.19"]
[EventType "swiss"]
[EventRounds "9"]
[EventCountry "AND"]
[Source "lmi"]
[SourceDate "2014.07.19"]

1. d4 Nf6 2. c4 g6 3. Nc3 Bg7 4. e4 d6 5. Nf3 O-O 6. Be2 e5 7. d5 a5 8. Bg5 h6
9. Bh4 Na6 10. Nd2 Bd7 11. a3 Qe8 12. b3 Nh7 13. O-O h5 14. f3 Bh6 15. Kh1 Nc5
16. Rb1 f5 17. exf5 Bxf5 18. Nde4 g5 19. Bf2 Nxe4 20. fxe4 Bg6 21. Bd3 Qe7 22.
Qd2 Nf6 23. h3 Qh7 24. Be3 Nxe4 25. Nxe4 Bxe4 26. Bxe4 Qxe4 27. Bxg5 Bg7 28.
Bh6 Qg6 29. Bxg7 Kxg7 30. Rbe1 b6 31. b4 axb4 32. axb4 Rf5 33. Rxf5 Qxf5 34. c5
bxc5 35. bxc5 Rf8 36. Qc3 Rf7 37. cxd6 cxd6 38. Re3 Qf1+ 39. Kh2 Qf4+ 40. Kh1
Rb7 41. Qd3 Rb1+ 42. Qxb1 Qxe3 43. Qf5 Qc1+ 44. Kh2 Qf4+ 45. Qxf4 exf4 46. g3
fxg3+ 47. Kxg3 Kf6 48. Kf4 Kg6 49. h4 1/2-1/2

[Event "32. Open Andorra Hotel St.Gothard "]
[Site "Erts-La Massana AND"]
[Date "2014.07.22"]
[Round "4.5"]
[White "Demuth, Adrien"]
[Black "Zumsande, Martin"]
[Result "1-0"]
[WhiteElo "2488"]
[BlackElo "2430"]
[PlyCount "75"]
[EventDate "2014.07.19"]
[EventType "swiss"]
[EventRounds "9"]
[EventCountry "AND"]
[Source "lmi"]
[SourceDate "2014.07.19"]

1. Nf3 d5 2. g3 Nf6 3. Bg2 e6 4. O-O Be7 5. c4 O-O 6. d4 dxc4 7. Qc2 a6 8. a4
Bd7 9. Qxc4 Bc6 10. Bf4 a5 11. Nc3 Na6 12. Rad1 Nb4 13. Ne5 Bxg2 14. Kxg2 Nfd5
15. Bc1 Bd6 16. e4 Nb6 17. Qe2 Qe8 18. b3 c6 19. Be3 Bc7 20. Nd3 Nxd3 21. Rxd3
Rd8 22. d5 Nd7 23. Rfd1 exd5 24. exd5 Be5 25. dxc6 bxc6 26. Qd2 Bf6 27. Bg5
Bxc3 28. Qxc3 Qe4+ 29. Kg1 f6 30. Rxd7 Rxd7 31. Rxd7 Qg4 32. Qxc6 fxg5 33. Qd5+
Kh8 34. Rd8 Qb4 35. Qxa5 Qe7 36. Rxf8+ Qxf8 37. Qxg5 h6 38. Qd5 1-0

[Event "32. Open Andorra Hotel St.Gothard "]
[Site "Erts-La Massana AND"]
[Date "2014.07.22"]
[Round "4.6"]
[White "Tkachiev, Vladislav"]
[Black "Sjodahl, Pontus"]
[Result "1-0"]
[WhiteElo "2625"]
[BlackElo "2423"]
[PlyCount "123"]
[EventDate "2014.07.19"]
[EventType "swiss"]
[EventRounds "9"]
[EventCountry "AND"]
[Source "lmi"]
[SourceDate "2014.07.19"]

1. Nf3 Nf6 2. g3 d5 3. Bg2 c6 4. c4 g6 5. b3 Bg7 6. Bb2 O-O 7. d3 Nbd7 8. O-O
Re8 9. d4 Ne4 10. Nbd2 Ndf6 11. Ne5 Qa5 12. Ndf3 Be6 13. c5 Nd7 14. Nxd7 Bxd7
15. a3 Qc7 16. b4 Qc8 17. Qb3 Bh3 18. Rfc1 Bxg2 19. Kxg2 Qf5 20. Qd3 g5 21. Rf1
Qe6 22. Ne1 f5 23. f3 Nf6 24. Qd2 h6 25. Nd3 Nd7 26. Bc3 Qg6 27. Qb2 a6 28. a4
b6 29. Rab1 Rab8 30. Qd2 Rb7 31. Rb2 Reb8 32. Rfb1 Kh7 33. Qc2 Rc7 34. Rb3 Rcc8
35. Qc1 Rc7 36. Qe3 Bf6 37. Kh1 Rbc8 38. Qd2 Re8 39. Kg2 Rec8 40. Qd1 Ra7 41.
Qc2 Rb7 42. b5 axb5 43. axb5 cxb5 44. Rxb5 Rbc7 45. Rxb6 Nxb6 46. Rxb6 f4 47.
Qa2 fxg3 48. hxg3 Qg8 49. Ne5 e6 50. Qb1+ Kh8 51. Ng4 Bd8 52. Nxh6 Qh7 53.
Qxh7+ Kxh7 54. Rxe6 Rc6 55. Rxc6 Rxc6 56. Nf5 Re6 57. Kf2 Bc7 58. Bd2 g4 59.
fxg4 Re4 60. Kf3 Kg6 61. Bf4 Bd8 62. c6 1-0

[Event "32. Open Andorra Hotel St.Gothard "]
[Site "Erts-La Massana AND"]
[Date "2014.07.22"]
[Round "4.7"]
[White "Arizmendi Martinez, Julen Luis"]
[Black "Berkovich, Mark A"]
[Result "1/2-1/2"]
[WhiteElo "2553"]
[BlackElo "2339"]
[PlyCount "76"]
[EventDate "2014.07.19"]
[EventType "swiss"]
[EventRounds "9"]
[EventCountry "AND"]
[Source "lmi"]
[SourceDate "2014.07.19"]

1. d4 Nf6 2. c4 e6 3. Nf3 d5 4. Nc3 Bb4 5. Bg5 h6 6. Bxf6 Qxf6 7. e3 O-O 8. Rc1
c6 9. Bd3 dxc4 10. Bxc4 Nd7 11. O-O Bxc3 12. Rxc3 e5 13. Bb3 exd4 14. exd4 Nb6
15. Re1 Be6 16. Bxe6 fxe6 17. Qe2 Rae8 18. g3 Qd8 19. Rd3 Qd5 20. b3 Qh5 21.
Qe4 Qf5 22. Qe2 Qh5 23. Qe4 Qf5 24. Qe2 Qh5 25. Ne5 Qxe2 26. Rxe2 Nd5 27. Nd7
Rf7 28. Nc5 Rfe7 29. Rdd2 Kf7 30. f4 Rd8 31. a4 a5 32. Kf2 Nb4 33. Kf3 b6 34.
Nd3 Nxd3 35. Rxd3 Red7 36. Ke4 Kf6 37. Rc2 Rd6 38. Rcc3 R8d7 1/2-1/2

[Event "32. Open Andorra Hotel St.Gothard "]
[Site "Erts-La Massana AND"]
[Date "2014.07.22"]
[Round "4.8"]
[White "Delabaca, Romuald"]
[Black "Kogan, Artur"]
[Result "0-1"]
[WhiteElo "2314"]
[BlackElo "2548"]
[PlyCount "58"]
[EventDate "2014.07.19"]
[EventType "swiss"]
[EventRounds "9"]
[EventCountry "AND"]
[Source "lmi"]
[SourceDate "2014.07.19"]

1. e4 c5 2. Nf3 a6 3. Nc3 d6 4. d4 cxd4 5. Nxd4 e6 6. Be3 b5 7. Bd3 Nf6 8. a3
Bb7 9. f4 Nbd7 10. Qe2 Rc8 11. Bf2 g6 12. O-O Bh6 13. Qf3 e5 14. Nde2 exf4 15.
Nxf4 Ne5 16. Qg3 O-O 17. Bd4 Bg7 18. Rad1 Qc7 19. Kh1 Rfe8 20. Nfd5 Nxd5 21.
exd5 f5 22. h3 Re7 23. Qf2 Rce8 24. Qf4 Qc8 25. Bf2 h6 26. Qb4 Qd7 27. Qb3 f4
28. Kh2 f3 29. g3 Bc8 0-1

[Event "32. Open Andorra Hotel St.Gothard "]
[Site "Erts-La Massana AND"]
[Date "2014.07.22"]
[Round "4.9"]
[White "Glud, Jakob Vang"]
[Black "Bannink, Bernard"]
[Result "1-0"]
[WhiteElo "2538"]
[BlackElo "2246"]
[PlyCount "129"]
[EventDate "2014.07.19"]
[EventType "swiss"]
[EventRounds "9"]
[EventCountry "AND"]
[Source "lmi"]
[SourceDate "2014.07.19"]

1. e4 e5 2. Nf3 Nc6 3. Bb5 a6 4. Bxc6 dxc6 5. O-O Bg4 6. h3 h5 7. d3 Qf6 8.
Nbd2 Bd6 9. hxg4 hxg4 10. g3 gxf3 11. Qxf3 O-O-O 12. Rd1 Bc5 13. Re1 Qxf3 14.
Nxf3 f6 15. Kg2 Ne7 16. Bd2 g5 17. Rh1 Ng6 18. Rxh8 Rxh8 19. Nh2 Kd7 20. Ng4
Ke6 21. a4 Be7 22. Rf1 c5 23. Ne3 Bd6 24. Rb1 b6 25. Rf1 Ne7 26. Ng4 Ng6 27.
Be3 a5 28. Bd2 Rh7 29. Kf3 Rh8 30. Ke2 Ne7 31. Be3 Ng6 32. Kd2 Nf4 33. Re1 Ng6
34. Kc3 Be7 35. Rf1 Bd6 36. Kc4 c6 37. Kc3 Ne7 38. Kd2 Ng6 39. Ke2 Ne7 40. c3
Ng6 41. Rd1 Be7 42. Kf3 Rd8 43. Ke2 Rh8 44. Rc1 Rh7 45. Bd2 Bd6 46. Ne3 Ne7 47.
Nc4 Nc8 48. Kf3 Bc7 49. Be3 Nd6 50. Nd2 Rh8 51. Re1 Nf7 52. Nb3 Rd8 53. Ke2 Rh8
54. d4 cxd4 55. cxd4 Kd7 56. Rd1 Kc8 57. Kf3 exd4 58. Nxd4 Ne5+ 59. Ke2 c5 60.
Nf5 Re8 61. b3 Nc6 62. f3 Rd8 63. Rh1 Be5 64. Rh6 Rd7 65. Bxg5 1-0

[Event "32. Open Andorra Hotel St.Gothard "]
[Site "Erts-La Massana AND"]
[Date "2014.07.22"]
[Round "4.10"]
[White "Mikkelsen, Nikolaj"]
[Black "Berthelot, Yannick"]
[Result "1-0"]
[WhiteElo "2443"]
[BlackElo "2278"]
[PlyCount "75"]
[EventDate "2014.07.19"]
[EventType "swiss"]
[EventRounds "9"]
[EventCountry "AND"]
[Source "lmi"]
[SourceDate "2014.07.19"]

1. e4 c5 2. Nf3 g6 3. d4 cxd4 4. Qxd4 Nf6 5. Nc3 Nc6 6. Qa4 d6 7. e5 dxe5 8.
Nxe5 Bd7 9. Nxd7 Qxd7 10. Be2 Bg7 11. O-O Nd4 12. Qxd7+ Nxd7 13. Bd1 Rc8 14.
Re1 e6 15. Ne4 Rxc2 16. Nc3 Nc5 17. Rf1 Rxc3 18. bxc3 Nc6 19. Ba3 b6 20. Bxc5
bxc5 21. Ba4 Kd7 22. Rfc1 Kc7 23. Bxc6 Kxc6 24. Kf1 h5 25. Rab1 h4 26. Rb3 Rd8
27. Ra3 Rd7 28. Ke2 Bf6 29. Rb1 Rc7 30. Kd3 Kd5 31. Kc2 h3 32. gxh3 c4 33. Re1
Be7 34. Ra4 e5 35. f3 Bc5 36. Rd1+ Kc6 37. Rxc4 f5 38. Rh4 1-0

[Event "32. Open Andorra Hotel St.Gothard "]
[Site "Erts-La Massana AND"]
[Date "2014.07.22"]
[Round "4.12"]
[White "Schroer, Marcel"]
[Black "Jolly, Jean-Francois"]
[Result "0-1"]
[WhiteElo "2139"]
[BlackElo "2376"]
[PlyCount "52"]
[EventDate "2014.07.19"]
[EventType "swiss"]
[EventRounds "9"]
[EventCountry "AND"]
[Source "lmi"]
[SourceDate "2014.07.19"]

1. c4 b6 2. Nc3 Bb7 3. e4 e6 4. Nge2 Nf6 5. e5 Ng4 6. d4 Qh4 7. Ng3 f6 8. exf6
Nxf6 9. Be3 Ng4 10. Qd2 Nxe3 11. Qxe3 Be7 12. Nge4 Nc6 13. g3 Qh5 14. Bg2 O-O-O
15. O-O Kb8 16. Ne2 g5 17. N4c3 Rhf8 18. a3 g4 19. f4 gxf3 20. Bxf3 Bg5 21. Qd3
Ne5 22. dxe5 Bxf3 23. c5 Bb7 24. cxb6 axb6 25. Ne4 Be7 26. Qd4 Qxe2 0-1

[Event "32. Open Andorra Hotel St.Gothard "]
[Site "Erts-La Massana AND"]
[Date "2014.07.22"]
[Round "4.13"]
[White "Hardarson, Jon Trausti"]
[Black "Midoux, Sebastien"]
[Result "1/2-1/2"]
[WhiteElo "2045"]
[BlackElo "2374"]
[PlyCount "61"]
[EventDate "2014.07.19"]
[EventType "swiss"]
[EventRounds "9"]
[EventCountry "AND"]
[Source "lmi"]
[SourceDate "2014.07.19"]

1. d4 Nf6 2. c4 b6 3. Nc3 Bb7 4. d5 e6 5. e4 exd5 6. exd5 Bc5 7. Be2 h6 8. Nf3
O-O 9. O-O Re8 10. Bd3 c6 11. Bc2 cxd5 12. Nxd5 Nxd5 13. cxd5 Ba6 14. Re1 Rxe1+
15. Qxe1 Qe7 16. Bf4 Qxe1+ 17. Rxe1 Kf8 18. a3 Bb7 19. b4 Be7 20. Bb3 d6 21.
Nd4 Nd7 22. Nf5 Ne5 23. Nxe7 Kxe7 24. Bxe5 dxe5 25. f4 e4 26. Rxe4+ Kd6 27. Rc4
Rc8 28. Rxc8 Bxc8 29. Kf2 Bb7 30. g3 Bxd5 31. Bc2 1/2-1/2

[Event "32. Open Andorra Hotel St.Gothard "]
[Site "Erts-La Massana AND"]
[Date "2014.07.22"]
[Round "4.14"]
[White "Castrillon Gomez, Melissa"]
[Black "Narciso Dublan, Marc"]
[Result "0-1"]
[WhiteElo "2169"]
[BlackElo "2523"]
[PlyCount "76"]
[EventDate "2014.07.19"]
[EventType "swiss"]
[EventRounds "9"]
[EventCountry "AND"]
[Source "lmi"]
[SourceDate "2014.07.19"]

1. e4 d6 2. d4 Nf6 3. Nc3 g6 4. Be3 a6 5. Qd2 b5 6. Bd3 Bb7 7. a3 Bg7 8. Nf3
O-O 9. h3 Nbd7 10. Bh6 e5 11. O-O exd4 12. Bxg7 Kxg7 13. Nxd4 c5 14. Nf3 c4 15.
Be2 Nc5 16. Qd4 Bxe4 17. a4 Bxc2 18. axb5 Nb3 19. Qxc4 Nxa1 20. Nd4 axb5 21.
Ncxb5 d5 22. Qc3 Qe7 23. Bg4 h5 24. Re1 Be4 25. Bf3 Rfc8 26. Qd2 Qd7 27. Na3
Bxf3 28. gxf3 Qxh3 29. Rxa1 Qd7 30. Re1 Re8 31. Rc1 Rac8 32. Rd1 Qc7 33. Nab5
Qe5 34. Kg2 h4 35. Kh3 Nh5 36. Rg1 Nf4+ 37. Kg4 f5+ 38. Kxh4 Qf6+ 0-1

[Event "32. Open Andorra Hotel St.Gothard "]
[Site "Erts-La Massana AND"]
[Date "2014.07.22"]
[Round "4.15"]
[White "Comas Fabrego, Lluis"]
[Black "Midonet, Matthieu"]
[Result "1-0"]
[WhiteElo "2512"]
[BlackElo "2161"]
[PlyCount "105"]
[EventDate "2014.07.19"]
[EventType "swiss"]
[EventRounds "9"]
[EventCountry "AND"]
[Source "lmi"]
[SourceDate "2014.07.19"]

1. e4 c5 2. Nf3 Nc6 3. d4 cxd4 4. Nxd4 e5 5. Nb5 d6 6. N5c3 Be7 7. Nd5 Nf6 8.
Nbc3 O-O 9. Bc4 Nxd5 10. Nxd5 Bg5 11. O-O Bxc1 12. Rxc1 Be6 13. Ne3 Rc8 14. c3
Qd7 15. Qd3 Ne7 16. Rfd1 Rfd8 17. b3 Qc7 18. Bxe6 fxe6 19. Qc4 Qd7 20. Qe2 Nc6
21. Rc2 Qe7 22. Rcd2 Rc7 23. g3 Rcd7 24. Kg2 Qf6 25. b4 Qg5 26. h4 Qe7 27. a3
Qf8 28. Qc4 Qf7 29. b5 Ne7 30. Ng4 Nc8 31. Nxe5 Nb6 32. Nxf7 Nxc4 33. Nxd8 Nxd2
34. Rxd2 Rxd8 35. e5 d5 36. c4 Kf7 37. cxd5 exd5 38. f4 h5 39. Kf3 Ke7 40. f5
Rc8 41. Rxd5 Rc3+ 42. Ke4 Rxa3 43. e6 Rxg3 44. Rd7+ Kf8 45. Rf7+ Ke8 46. Rxb7
Rg4+ 47. Ke5 Rg1 48. Rxa7 Re1+ 49. Kd6 Rd1+ 50. Kc6 Rc1+ 51. Kb6 Rf1 52. Rf7
Rf2 53. Kb7 1-0

[Event "32. Open Andorra Hotel St.Gothard "]
[Site "Erts-La Massana AND"]
[Date "2014.07.22"]
[Round "4.16"]
[White "Jerez Perez, Alfonso"]
[Black "Amores Gago, Javier"]
[Result "1-0"]
[WhiteElo "2374"]
[BlackElo "2155"]
[PlyCount "81"]
[EventDate "2014.07.19"]
[EventType "swiss"]
[EventRounds "9"]
[EventCountry "AND"]
[Source "lmi"]
[SourceDate "2014.07.19"]

1. e4 d6 2. d4 Nf6 3. Nc3 Nbd7 4. Nf3 e5 5. Bc4 Be7 6. O-O O-O 7. a4 a5 8. Qe2
c6 9. Rd1 exd4 10. Nxd4 Nc5 11. e5 Ne8 12. exd6 Bxd6 13. Qf3 Qh4 14. g3 Qg4 15.
Qxg4 Bxg4 16. f3 Bh5 17. Nf5 Bc7 18. Be3 Ne6 19. g4 Bg6 20. Rd7 Bxf5 21. gxf5
Bf4 22. Bxf4 Nxf4 23. Re1 Nf6 24. Rxb7 N6d5 25. Bxd5 cxd5 26. Rd1 Rfd8 27. Rd4
Nh5 28. Rxd5 h6 29. Kf2 Nf4 30. Rdd7 Rxd7 31. Rxd7 Rb8 32. Rd4 Nh5 33. Nb5 g5
34. fxg6 fxg6 35. c4 g5 36. c5 Rc8 37. Rc4 Nf4 38. Ke3 Nd5+ 39. Ke4 Nb4 40. Nd6
Rc6 41. Ke5 1-0